[Event "27th Summer Universiade in Kazan (Women)"]
[Site "Kazan"]
[Date "2013.07.10"]
[Round "2.3"]
[White "Tan, Zhongyi"]
[Black "Kulovana, Eva"]
[Result "1-0"]
[WhiteElo "2478"]
[BlackElo "2272"]
[PlyCount "142"]
[EventDate "2013.??.??"]

1. Nf3 d5 2. d4 Nf6 3. c4 c6 4. Nc3 a6 5. c5 Bf5 6. Bf4 Nbd7 7. e3 e6 8. Nd2 b6
9. b4 Be7 10. Be2 O-O 11. O-O Qc8 12. cxb6 Nxb6 13. Na4 Nbd7 14. Qb3 a5 15. b5
cxb5 16. Qxb5 Ra7 17. Rfc1 Qa8 18. Nb3 Rb7 19. Qa6 Rb4 20. Nac5 a4 21. Nxd7
Nxd7 22. Na5 Rb6 23. Qxa8 Rxa8 24. g4 Rb2 25. gxf5 Rxe2 26. Rc7 Bd8 27. Rxd7
Bxa5 28. Rb1 Re1+ 29. Rxe1 Bxe1 30. fxe6 fxe6 31. Be5 Rc8 32. Rxg7+ Kf8 33. Kf1
Rc1 34. Ra7 Bb4+ 35. Kg2 a3 36. Ra6 Kf7 37. Bd6 Bxd6 38. Rxd6 Rc2 39. Rd7+ Kg6
40. Re7 Kf6 41. Rxh7 Rxa2 42. Ra7 Ra1 43. Kf3 a2 44. Kf4 Rh1 45. Rxa2 Rxh2 46.
Kg3 Rh1 47. Ra8 Rg1+ 48. Kf4 Rh1 49. Rf8+ Ke7 50. Rg8 Kf6 51. Kf3 Kf7 52. Rg4
Kf6 53. Kg2 Rh6 54. Kg3 Ke7 55. Rh4 Rg6+ 56. Kf3 Rf6+ 57. Ke2 Rg6 58. Rh7+ Kf6
59. Kf3 Rg1 60. Kf4 Rg2 61. Rh6+ Ke7 62. f3 Rg1 63. e4 dxe4 64. fxe4 Rg2 65.
Rh7+ Kd6 66. Ra7 Rf2+ 67. Ke3 Rb2 68. e5+ Kc6 69. Re7 Kd5 70. Rd7+ Kc4 71. Rc7+
Kd5 {Ke4+} 1-0

[Event "27th Summer Universiade in Kazan (Women)"]
[Site "Kazan"]
[Date "2013.07.10"]
[Round "2.5"]
[White "Bodnaruk, Anastasia"]
[Black "Dudas, Eszter"]
[Result "1-0"]
[WhiteElo "2440"]
[BlackElo "2266"]
[PlyCount "61"]
[EventDate "2013.??.??"]

1. e4 e6 2. d4 d5 3. e5 c5 4. c3 Nc6 5. Nf3 Bd7 6. Be2 f6 7. O-O fxe5 8. Nxe5
Nxe5 9. dxe5 Qc7 10. c4 d4 11. Bf4 O-O-O 12. Nd2 Be7 13. Ne4 Rf8 14. Qd2 Nh6
15. b4 Nf5 16. bxc5 Bxc5 17. Rab1 h6 18. h3 g5 19. Bh2 Nh4 20. Bd3 b6 21. a4 a5
22. Nd6+ Kd8 23. f4 Bc6 24. Be4 gxf4 25. Bxf4 Rhg8 26. Bxh6 Rxf1+ 27. Rxf1 d3+
28. Kh1 Nf5 29. Bg5+ Kd7 30. Rxf5 Bxd6 31. Rf7+ 1-0

[Event "27th Summer Universiade in Kazan (Women)"]
[Site "Kazan"]
[Date "2013.07.10"]
[Round "2.7"]
[White "Guramishvili, Sopiko"]
[Black "Davletbayeva, Madina"]
[Result "1/2-1/2"]
[WhiteElo "2421"]
[BlackElo "2260"]
[PlyCount "155"]
[EventDate "2013.??.??"]

1. d4 Nf6 2. c4 e6 3. Nc3 Bb4 4. e3 O-O 5. Nge2 d5 6. a3 Be7 7. cxd5 exd5 8. b4
Nbd7 9. Ng3 Nb6 10. Bd3 a5 11. b5 c5 12. bxc6 bxc6 13. Na4 Nxa4 14. Qxa4 Bd7
15. Qd1 Bd6 16. Ra2 Re8 17. O-O Rb8 18. Nf5 Bc7 19. f3 Be6 20. Rc2 Qd7 21. Ng3
Qd6 22. Re1 h5 23. Nf1 Rb7 24. Bb2 Reb8 25. Qd2 Rb3 26. a4 Bd7 27. Bc3 Ra3 28.
Rb2 Rxa4 29. Rxb8+ Bxb8 30. Qc2 Ra3 31. Rb1 g6 32. Bb2 Rxd3 33. Qxd3 Bf5 34. e4
dxe4 35. Qe3 exf3 36. Ba3 Qf4 37. Rb2 fxg2 38. Rxg2 Qxe3+ 39. Nxe3 Be4 40. Rf2
Ba7 41. Bc5 Bxc5 42. dxc5 Nd7 43. Ra2 Nxc5 44. Rxa5 Nd3 45. Nd1 Kg7 46. Nf2
Nxf2 47. Kxf2 Bd5 48. h4 f6 49. Kg3 g5 50. Ra7+ Kg6 51. Rc7 Kf5 52. Rh7 Kg6 53.
Rc7 f5 54. hxg5 Kxg5 55. Rg7+ Kf6 56. Rh7 Kg6 57. Rc7 Be4 58. Rc8 Kg5 59. Rg8+
Kf6 60. Kf4 Ke6 61. Rh8 c5 62. Rxh5 c4 63. Rh3 Kd5 64. Ke3 Ke5 65. Rh8 f4+ 66.
Kd2 Bd3 67. Re8+ Kf5 68. Rf8+ Ke4 69. Re8+ Kf3 70. Rf8 Kg3 71. Rf7 f3 72. Ke3
Be2 73. Rg7+ Kh3 74. Kf2 Kh4 75. Rg8 Kh5 76. Rg7 Kh6 77. Rc7 Kg5 78. Rxc4
1/2-1/2

[Event "27th Summer Universiade in Kazan (Women)"]
[Site "Kazan"]
[Date "2013.07.10"]
[Round "2.8"]
[White "Kulon, Klaudia"]
[Black "Shen, Yang"]
[Result "0-1"]
[WhiteElo "2258"]
[BlackElo "2405"]
[PlyCount "78"]
[EventDate "2013.??.??"]

1. e4 e6 2. d4 d5 3. Nd2 c5 4. exd5 Qxd5 5. Ngf3 cxd4 6. Bc4 Qd7 7. O-O Nc6 8.
Nb3 a6 9. a4 Bd6 10. Nbxd4 Nge7 11. b3 Ne5 12. Nxe5 Bxe5 13. c3 O-O 14. Ne2 Qc7
15. h3 b6 16. Ba3 Rd8 17. Qc2 Bb7 18. f4 Bf6 19. Rad1 Nf5 20. Bc1 Qc6 21. Nd4
Nxd4 22. cxd4 Bxd4+ 23. Kh2 b5 24. Bd3 Qxc2 25. Bxc2 b4 26. Bd2 a5 27. Bd3 Bg1+
28. Kxg1 Rxd3 29. Bc1 Rad8 30. Rde1 Rxb3 31. Be3 Ra3 32. Rd1 Rxd1 33. Rxd1 Bd5
34. Rc1 h5 35. Bb6 Rxa4 36. Rc8+ Kh7 37. Rc5 Ra1+ 38. Kf2 a4 39. Ra5 b3 0-1

[Event "27th Summer Universiade 2013 Kazan,Russ"]
[Site "Kazan,Russia"]
[Date "2013.07.10"]
[Round "2.9"]
[White "Bulmaga, Irina"]
[Black "Andrenko, Irina"]
[Result "1-0"]
[WhiteElo "2403"]
[BlackElo "2253"]
[PlyCount "63"]
[EventDate "2013.07.09"]

1. e4 d6 2. d4 Nf6 3. Nc3 g6 4. f4 Bg7 5. Nf3 O-O 6. Bd3 c5 7. dxc5 dxc5 8. e5
Nd5 9. Nxd5 Qxd5 10. Qe2 Bg4 11. Be4 Qd7 12. Be3 Na6 13. h3 Bf5 14. Rd1 Qc8 15.
Bxf5 Qxf5 16. O-O Rad8 17. c3 Qe4 18. Ng5 Qc6 19. e6 f6 20. Rxd8 Rxd8 21. Nf7
Rf8 22. f5 gxf5 23. Nh6+ Kh8 24. Nxf5 Nc7 25. Qg4 Nxe6 26. Rf3 Qe8 27. Bxc5 Rf7
28. Bxe7 Nf8 29. Re3 Qd7 30. Qc4 Qd1+ 31. Kh2 Qh5 32. Nd6 1-0

[Event "27th Summer Universiade 2013 Kazan,Russ"]
[Site "Kazan,Russia"]
[Date "2013.07.10"]
[Round "2.10"]
[White "Umudova, Nargiz"]
[Black "Savina, Anastasia"]
[Result "0-1"]
[WhiteElo "2253"]
[BlackElo "2368"]
[PlyCount "66"]
[EventDate "2013.07.09"]

1. e4 c5 2. b3 Nc6 3. Bb2 d6 4. f4 e5 5. Bc4 Nf6 6. d3 exf4 7. Qf3 Nd4 8. Bxd4
cxd4 9. Qxf4 Qa5+ 10. Nd2 Be7 11. Ngf3 O-O 12. Qg5 Qd8 13. Qg3 d5 14. exd5 Bd6
15. Qh4 Qe8+ 16. Ne4 b5 17. Nfg5 h6 18. O-O Nxe4 19. Nxe4 Be7 20. Qg3 bxc4 21.
bxc4 f5 22. Nd2 Bg5 23. Nb3 Qe2 24. Kh1 Be3 25. Nc5 f4 26. Qf3 Bg4 27. Qxe2
Bxe2 28. Ne6 Rf6 29. Nc7 Rc8 30. Nb5 a6 31. Na7 Rc7 32. Nc6 Bxf1 33. Rxf1 Rfxc6
0-1

[Event "27th Summer Universiade 2013 Kazan,Russ"]
[Site "Kazan,Russia"]
[Date "2013.07.10"]
[Round "2.11"]
[White "Nakhbayeva, Guliskhan"]
[Black "Mader, Manuela"]
[Result "1-0"]
[WhiteElo "2354"]
[BlackElo "2212"]
[PlyCount "71"]
[EventDate "2013.07.09"]

1. d4 Nf6 2. c4 g6 3. Nc3 Bg7 4. e4 d6 5. Be2 O-O 6. Nf3 e5 7. O-O Nc6 8. d5
Ne7 9. b4 Nh5 10. g3 f5 11. Ng5 Nf6 12. Bf3 h6 13. Ne6 Bxe6 14. dxe6 fxe4 15.
Nxe4 Nc6 16. b5 Nd4 17. Nxf6+ Qxf6 18. Bxb7 Rae8 19. Bd5 Kh7 20. Be3 Nxe6 21.
Bxa7 e4 22. Bxe4 Qxa1 23. Qxa1 Bxa1 24. Rxa1 Nd4 25. Bb7 Nf3+ 26. Kg2 Nd2 27.
Rc1 Re2 28. Rc2 Rfe8 29. Bc6 R8e7 30. h4 Nb1 31. Rxe2 Rxe2 32. Bb8 Re7 33. a4
Nc3 34. a5 Na4 35. a6 Nb6 36. a7 1-0

[Event "27th Summer Universiade 2013 Kazan,Russ"]
[Site "Kazan,Russia"]
[Date "2013.07.10"]
[Round "2.12"]
[White "Kazimova, Narmin"]
[Black "Batchimeg, Tuvshintugs"]
[Result "0-1"]
[WhiteElo "2208"]
[BlackElo "2351"]
[PlyCount "130"]
[EventDate "2013.07.09"]

1. d4 d5 2. c4 dxc4 3. Nf3 e6 4. e3 a6 5. a4 b6 6. Bxc4 Bb7 7. O-O Nf6 8. Nc3
Nbd7 9. Qe2 c5 10. Rd1 Qc7 11. e4 cxd4 12. Nxd4 Bc5 13. Bg5 Ne5 14. Bf4 O-O 15.
Kh1 Rfd8 16. Nf3 Rxd1+ 17. Rxd1 Nfg4 18. Bg3 Nxc4 19. Qxc4 Qe7 20. Qe2 Rd8 21.
Rc1 Qd7 22. h3 Nf6 23. Ne5 Qe8 24. Nc4 Rd4 25. Be5 Rd7 26. Bg3 Qa8 27. Re1 Bd4
28. Kh2 Qd8 29. e5 Bxc3 30. bxc3 Ne4 31. Nd6 Nxc3 32. Qc4 Nd5 33. Nxb7 Rxb7 34.
Qxa6 Rb8 35. Rc1 h6 36. Qc4 Ra8 37. Qc6 Qb8 38. f4 Qa7 39. f5 Ne7 40. Qc7 Nxf5
41. Qxa7 Rxa7 42. Bf2 Rxa4 43. Bxb6 Re4 44. Bc7 Re2 45. Kg1 Ne3 46. g4 Nd5 47.
Bd6 Nf4 48. Rc3 Kh7 49. Rf3 g5 50. Bc7 Kg6 51. Bd6 Kg7 52. Rb3 Ng6 53. Kf1 Re4
54. Rd3 Nxe5 55. Rd4 Nc4 56. Rxe4 Nd2+ 57. Ke2 Nxe4 58. Be5+ f6 59. Bb2 Kg6 60.
Ke3 f5 61. Be5 h5 62. Bc7 Nf6 63. gxf5+ Kxf5 64. Kd4 Nd5 65. Bd6 h4 0-1

[Event "27th Summer Universiade 2013 Kazan,Russ"]
[Site "Kazan,Russia"]
[Date "2013.07.10"]
[Round "2.13"]
[White "Kashlinskaya, Alina"]
[Black "Chirivi C, Jenny Astrid"]
[Result "1-0"]
[WhiteElo "2334"]
[BlackElo "2205"]
[PlyCount "51"]
[EventDate "2013.07.09"]

1. d4 d5 2. c4 c6 3. Nc3 Nf6 4. Nf3 e6 5. Bg5 h6 6. Bh4 dxc4 7. e4 g5 8. Bg3 b5
9. Be2 Bb7 10. h4 g4 11. Ne5 h5 12. O-O Bh6 13. Qc2 Qxd4 14. Rad1 Qb6 15. Na4
Qa5 16. Nc5 Qb6 17. Bxc4 O-O 18. Nxf7 Rxf7 19. Bxe6 Na6 20. Nxa6 c5 21. Bxf7+
Kxf7 22. Nxc5 Rc8 23. Qb3+ Kg6 24. Nxb7 Qxb7 25. e5 Ne4 26. Qe6+ 1-0

[Event "27th Summer Universiade 2013 Kazan,Russ"]
[Site "Kazan,Russia"]
[Date "2013.07.10"]
[Round "2.14"]
[White "Vo, Thi Kim Phung"]
[Black "Rogule, Laura"]
[Result "1-0"]
[WhiteElo "2199"]
[BlackElo "2329"]
[PlyCount "59"]
[EventDate "2013.07.09"]

1. d4 d5 2. Bf4 Nf6 3. e3 g6 4. h3 Bg7 5. c4 c5 6. Nf3 Nc6 7. Nc3 O-O 8. Rc1
Bf5 9. dxc5 e5 10. Nxe5 Ne4 11. Nxc6 bxc6 12. Bd3 Qa5 13. Bxe4 Bxe4 14. f3 Bf5
15. cxd5 Qxc5 16. e4 Rfe8 17. Ne2 Qb6 18. Rxc6 Qxb2 19. Rc2 Qb6 20. exf5 Be5
21. Kf1 Qb5 22. Kg1 Bxf4 23. Nxf4 Re3 24. Rh2 Rae8 25. Qd4 Qd7 26. fxg6 hxg6
27. Rc6 Ra3 28. Nxg6 fxg6 29. Rxg6+ Kh7 30. Qf6 1-0

[Event "27th Summer Universiade 2013 Kazan,Russ"]
[Site "Kazan,Russia"]
[Date "2013.07.10"]
[Round "2.15"]
[White "Arabidze, Meri"]
[Black "Djukic, Sandra"]
[Result "1/2-1/2"]
[WhiteElo "2320"]
[BlackElo "2197"]
[PlyCount "116"]
[EventDate "2013.07.09"]

1. d4 Nf6 2. c4 c5 3. d5 b5 4. cxb5 a6 5. bxa6 Bxa6 6. Nc3 g6 7. g3 d6 8. Bg2
Bg7 9. Nf3 Nbd7 10. Rb1 O-O 11. O-O Ra7 12. b3 Qa8 13. Bb2 Rb8 14. Re1 Ng4 15.
h3 Nge5 16. Nd2 Nb6 17. f4 Ned7 18. Qc2 Nf6 19. e4 Nh5 20. Kh2 Bh6 21. Nf3 Nd7
22. Bc1 Rc7 23. Ne2 Nhf6 24. Ng5 Qa7 25. Nc3 Bxg5 26. fxg5 Nh5 27. g4 Ng7 28.
Bf4 Rb4 29. Qf2 Rc8 30. Kh1 Rf8 31. e5 Rxf4 32. Qxf4 Nxe5 33. Qe3 Qc7 34. Ne4
Bd3 35. Ra1 Bxe4 36. Qxe4 Rb8 37. Qc2 Ne8 38. Qc3 f6 39. gxf6 Nxf6 40. a4 Nfd7
41. a5 Qa7 42. Be4 Rf8 43. a6 Ra8 44. Qe3 Qb6 45. Ra4 Ra7 46. b4 Qb5 47. bxc5
Nxc5 48. Rea1 Qb2 49. R4a2 Qb5 50. Ra5 Qb2 51. Re1 Nc4 52. Rxc5 Nxe3 53. Rc8+
Kg7 54. Rxe3 Qa1+ 55. Kh2 Qxa6 56. Rc2 Qa4 57. Rf2 Qd4 58. Ree2 Rc7 1/2-1/2

[Event "27th Summer Universiade 2013 Kazan,Russ"]
[Site "Kazan,Russia"]
[Date "2013.07.10"]
[Round "2.16"]
[White "Hallayyeva, Bahar"]
[Black "Stojanovic, Andjelija"]
[Result "0-1"]
[WhiteElo "2150"]
[BlackElo "2302"]
[PlyCount "72"]
[EventDate "2013.07.09"]

1. e4 e5 2. Nf3 d6 3. d4 exd4 4. Nxd4 Nf6 5. Nc3 Be7 6. Be2 O-O 7. O-O Re8 8.
f4 Bf8 9. Bf3 c5 10. Ndb5 Nc6 11. Re1 a6 12. e5 axb5 13. exf6 Rxe1+ 14. Qxe1
Nd4 15. Be4 Qxf6 16. Nd5 Qd8 17. Be3 f5 18. Bxd4 fxe4 19. Bf2 Bf5 20. Qe2 b4
21. Rd1 Qa5 22. c3 bxc3 23. Nxc3 Qa6 24. Qh5 g6 25. Qg5 Bg7 26. Qe7 Bf8 27. Qg5
h6 28. Qh4 e3 29. Bxe3 Re8 30. Nd5 Bg7 31. Nc7 Qa4 32. b3 Qe4 33. Bf2 Qc2 34.
Re1 Rxe1+ 35. Bxe1 Bd4+ 36. Kh1 Qe2 0-1

[Event "27th Summer Universiade 2013 Kazan,Russ"]
[Site "Kazan,Russia"]
[Date "2013.07.10"]
[Round "2.17"]
[White "Przezdziecka, Marta"]
[Black "Botlhole, Kgalalelo"]
[Result "1-0"]
[WhiteElo "2297"]
[BlackElo "1767"]
[PlyCount "65"]
[EventDate "2013.07.09"]

1. Nf3 d5 2. g3 Nf6 3. Bg2 e6 4. O-O Be7 5. d3 O-O 6. Nbd2 c5 7. e4 Nc6 8. Re1
dxe4 9. dxe4 Qc7 10. c3 b6 11. e5 Nd7 12. Qe2 Bb7 13. Nf1 Rfd8 14. h4 Nf8 15.
h5 h6 16. Bf4 a6 17. N1h2 b5 18. Ng4 Rd7 19. Nd2 Bg5 20. Bxg5 hxg5 21. Ne4 Nxe5
22. Ngf6+ gxf6 23. Nxf6+ Kg7 24. Bxb7 Kxf6 25. Bxa8 Nc4 26. Rad1 Nb6 27. Bg2
Kg7 28. Rxd7 Qxd7 29. Qe3 Qe7 30. Qe5+ f6 31. Qe4 Nc4 32. b3 Nd6 33. Qc6 1-0

[Event "27th Summer Universiade 2013 Kazan,Russ"]
[Site "Kazan,Russia"]
[Date "2013.07.10"]
[Round "2.18"]
[White "Motycakova, Monika"]
[Black "Dewi, Aa Citra"]
[Result "1/2-1/2"]
[WhiteElo "2135"]
[BlackElo "2138"]
[PlyCount "99"]
[EventDate "2013.07.09"]

1. e4 c5 2. Nf3 d6 3. d4 cxd4 4. Nxd4 Nf6 5. Nc3 e6 6. Be2 a6 7. O-O Be7 8. f4
Qc7 9. a4 Nc6 10. Be3 O-O 11. Kh1 Re8 12. Bf3 Rb8 13. g4 Nxd4 14. Bxd4 e5 15.
fxe5 dxe5 16. Ba7 Ra8 17. g5 Rd8 18. Qe2 Ne8 19. Be3 Be6 20. Bg4 Bxg4 21. Qxg4
Bc5 22. Bxc5 Qxc5 23. Qh5 Qc4 24. Rf3 Qe6 25. Nd5 Rxd5 26. exd5 Qxd5 27. Raf1
Nd6 28. Qg4 e4 29. Rc3 e3+ 30. Qg2 Qe6 31. Re1 Nf5 32. Qxb7 Rd8 33. Rd3 Re8 34.
Qd5 Qc8 35. c4 g6 36. b4 Ng3+ 37. Kg2 Nh5 38. Rd4 Qb8 39. Qd7 Qe5 40. Qg4 h6
41. gxh6 Kh8 42. Qh4 g5 43. Qxh5 Qxd4 44. Qxf7 Qd2+ 45. Kh3 g4+ 46. Kxg4 Rg8+
47. Kf5 Qxe1 48. Qf6+ Kh7 49. Qf7+ Kh8 50. Qf6+ 1/2-1/2

[Event "27th Summer Universiade 2013 Kazan,Russ"]
[Site "Kazan,Russia"]
[Date "2013.07.10"]
[Round "2.20"]
[White "Senanayake, P R."]
[Black "De Seroux, Camille"]
[Result "0-1"]
[WhiteElo "1775"]
[BlackElo "2118"]
[PlyCount "88"]
[EventDate "2013.07.09"]

1. d4 Nf6 2. Nf3 g6 3. c4 Bg7 4. Nc3 O-O 5. Bf4 d6 6. e3 Nfd7 7. h3 e5 8. Bh2
Nc6 9. Be2 Kh8 10. O-O f5 11. d5 Ne7 12. Qd2 h6 13. Rab1 g5 14. Ne1 Ng6 15. b4
Nf6 16. Nd3 h5 17. c5 g4 18. hxg4 Nxg4 19. Bxg4 hxg4 20. f4 Qh4 21. Ne2 Qe7 22.
Rbc1 Nh4 23. Rc2 Rg8 24. Bg3 Bf6 25. Kf2 Rg7 26. Rfc1 e4 27. Nb2 Rh7 28. Rc4
Qg7 29. R4c2 dxc5 30. bxc5 Bd7 31. Qb4 Rg8 32. Qxb7 Bc8 33. Qb3 Ba6 34. Nc4 Rd8
35. Rd2 Nf3 36. gxf3 gxf3 37. Nd4 Rh2+ 38. Ke1 Rh1+ 39. Kf2 Rh2+ 40. Ke1 Rh1+
41. Kf2 Rxc1 42. Rc2 Rxc2+ 43. Nxc2 Bh4 44. Qb2 Bxg3+ 0-1

[Event "27th Summer Universiade 2013 Kazan,Russ"]
[Site "Kazan,Russia"]
[Date "2013.07.10"]
[Round "2.21"]
[White "Khalafova, Narmin"]
[Black "Shyngys Kyzy, Aijarkyn"]
[Result "1-0"]
[WhiteElo "2107"]
[BlackElo "1784"]
[PlyCount "95"]
[EventDate "2013.07.09"]

1. e4 e5 2. Nf3 Nf6 3. Nxe5 d6 4. Nf3 Nxe4 5. d4 d5 6. Bd3 Bd6 7. O-O O-O 8. c4
c6 9. Re1 Bf5 10. Qb3 Na6 11. cxd5 Nec5 12. dxc5 Nxc5 13. Bxf5 Nxb3 14. axb3
cxd5 15. Nc3 Bc5 16. Bg5 f6 17. Bf4 Kh8 18. Rad1 Qb6 19. Nxd5 Qxb3 20. Nc7 Rad8
21. Nd2 Qb6 22. Ne4 Bb4 23. Rf1 Qa5 24. Bd7 Rf7 25. Be6 Rff8 26. g4 h6 27. h4
Qa4 28. b3 Qc6 29. Bd5 Qd7 30. Ne6 Rfe8 31. Nxd8 Qxg4+ 32. Bg3 Rxd8 33. f3 Qh3
34. Be6 Bc5+ 35. Bf2 Bxf2+ 36. Kxf2 Qxh4+ 37. Ke3 Rxd1 38. Rxd1 Qh5 39. Rd8+
Kh7 40. f4 Qa5 41. Rd5 Qe1+ 42. Kf3 Qh1+ 43. Kg4 Qg2+ 44. Ng3 g5 45. Rd7+ Kh8
46. Kh5 Qh2+ 47. Kg6 Qc2+ 48. Nf5 1-0

[Event "27th Summer Universiade 2013 Kazan,Russ"]
[Site "Kazan,Russia"]
[Date "2013.07.10"]
[Round "2.22"]
[White "Battsetseg, Urjinbadam"]
[Black "Martinez, Ayelen"]
[Result "0-1"]
[WhiteElo "1703"]
[BlackElo "2103"]
[PlyCount "118"]
[EventDate "2013.07.09"]

1. e4 c5 2. Nc3 a6 3. g3 b5 4. Bg2 Bb7 5. d3 e6 6. f4 Ne7 7. Be3 Qc7 8. Nf3 d5
9. Bf2 b4 10. Na4 Nd7 11. e5 h5 12. O-O Nf5 13. h4 Bc6 14. c4 Qa5 15. b3 Bxa4
16. bxa4 Nb6 17. cxd5 Nxd5 18. Nd2 Nc3 19. Bc6+ Kd8 20. Qf3 Rc8 21. Nb3 Qb6 22.
Be4 Nxe4 23. dxe4 Nd4 24. Rfd1 Ke8 25. Nxd4 cxd4 26. Bxd4 Bc5 27. Bxc5 Rxc5 28.
Kh1 Rc3 29. Rd3 Rxd3 30. Qxd3 Ke7 31. Rd1 Rd8 32. Qxd8+ Qxd8 33. Rxd8 Kxd8 34.
f5 Kc7 35. g4 g6 36. gxh5 gxh5 37. fxe6 fxe6 38. Kg2 Kb6 39. Kf3 Ka5 40. Kf4
Kxa4 41. Kg5 Ka3 42. Kf6 Kxa2 43. Kxe6 b3 44. Kf7 b2 45. e6 b1=Q 46. e7 Qb3+
47. Kf8 Qf3+ 48. Kg7 Qxe4 49. Kf7 Qf5+ 50. Ke8 Qe6 51. Kd8 Qd6+ 52. Ke8 Kb3 53.
Kf7 Qd7 54. Kf8 Qf5+ 55. Kg7 Qe6 56. Kf8 Qf6+ 57. Ke8 Qxh4 58. Kd7 Qxe7+ 59.
Kxe7 h4 0-1

[Event "27th Summer Universiade 2013 Kazan,Russ"]
[Site "Kazan,Russia"]
[Date "2013.07.10"]
[Round "2.23"]
[White "Mona, Khaled"]
[Black "Otorbaeva, Nuriza"]
[Result "1-0"]
[WhiteElo "2100"]
[BlackElo "1737"]
[PlyCount "67"]
[EventDate "2013.07.09"]

1. d4 Nf6 2. Nf3 g6 3. Bf4 Bg7 4. c4 O-O 5. Nc3 d6 6. Qd2 Re8 7. h3 Nbd7 8. e3
b6 9. Rd1 Bb7 10. Be2 Qc8 11. Qc2 e5 12. Bh2 exd4 13. Rxd4 Nc5 14. Rd1 Nce4 15.
Nd5 Nxd5 16. cxd5 Qf5 17. Bc4 Qf6 18. Nd4 Qg5 19. O-O Bc8 20. Bf4 Qh4 21. Bb5
Bxh3 22. gxh3 Qxh3 23. Bxe8 Rxe8 24. f3 g5 25. fxe4 gxf4 26. Rf3 Qg4+ 27. Qg2
Qxg2+ 28. Kxg2 Rxe4 29. Rxf4 Rxe3 30. Nf5 Re2+ 31. Rf2 Rxb2 32. Nxg7 Rxf2+ 33.
Kxf2 Kxg7 34. Rc1 1-0

[Event "27th Summer Universiade 2013 Kazan,Russ"]
[Site "Kazan,Russia"]
[Date "2013.07.10"]
[Round "2.24"]
[White "Leso, Gorata"]
[Black "Garcia Morales, Ivette Ale"]
[Result "0-1"]
[WhiteElo "1665"]
[BlackElo "2072"]
[PlyCount "50"]
[EventDate "2013.07.09"]

1. d4 e6 2. c4 Nf6 3. Nc3 Bb4 4. Qc2 O-O 5. Bf4 b6 6. Nf3 Bb7 7. Nd2 d6 8. a3
Bxc3 9. Qxc3 Nbd7 10. Bg5 h6 11. Bh4 Rc8 12. f3 c5 13. e3 d5 14. Qd3 cxd4 15.
cxd5 dxe3 16. Qxe3 exd5 17. Be2 Re8 18. Qd3 Nc5 19. Qf5 Ba6 20. O-O Rxe2 21.
Rfd1 Bd3 22. Bxf6 Bxf5 23. Bxd8 Rxd8 24. Nf1 Nb3 25. Ra2 Bc2 0-1

[Event "27th Summer Universiade 2013 Kazan,Russ"]
[Site "Kazan,Russia"]
[Date "2013.07.10"]
[Round "2.25"]
[White "Siradze, Salome"]
[Black "Francis, Onkemetse"]
[Result "1/2-1/2"]
[WhiteElo "2069"]
[BlackElo "1698"]
[PlyCount "72"]
[EventDate "2013.07.09"]

1. d4 Nf6 2. Nf3 e6 3. c4 b6 4. Nc3 Bb7 5. Bg5 h6 6. Bh4 Be7 7. e3 d5 8. cxd5
Nxd5 9. Bg3 Nxc3 10. bxc3 Nd7 11. Bd3 O-O 12. O-O Nf6 13. Nd2 c5 14. Rc1 Qd7
15. Be5 cxd4 16. cxd4 Rfc8 17. Qe2 Rxc1 18. Rxc1 Rc8 19. Rf1 Qd8 20. f4 Ne8 21.
f5 exf5 22. Bxf5 Rc3 23. Be4 Bxe4 24. Nxe4 Rc8 25. Qg4 f6 26. Bf4 Kh8 27. Qg6
Bf8 28. Ng3 Qe7 29. Nf5 Qe4 30. Qg3 Qxf5 31. Bxh6 Qh7 32. Bf4 Rc2 33. d5 Qe4
34. Rd1 Bd6 35. Bxd6 Nxd6 36. Qh3+ Kg8 1/2-1/2

[Event "27th Summer Universiade 2013 Kazan,Russ"]
[Site "Kazan,Russia"]
[Date "2013.07.10"]
[Round "2.26"]
[White "Arbona Avila, Zaily M"]
[Black "Anusca, Madalina-Maria"]
[Result "0-1"]
[WhiteElo "1540"]
[BlackElo "2042"]
[PlyCount "34"]
[EventDate "2013.07.09"]

1. e4 c5 2. Nf3 Nc6 3. d4 cxd4 4. Nxd4 g6 5. Nc3 Bg7 6. Be3 Nf6 7. Be2 O-O 8.
Qd2 d6 9. f3 Qa5 10. O-O-O Bd7 11. g4 Rfc8 12. h4 h5 13. Rdg1 Nb4 14. Ncb5 Bxb5
15. Bxb5 e5 16. Bd3 exd4 17. Bxd4 Nxa2+ 0-1

[Event "27th Summer Universiade 2013 Kazan,Russ"]
[Site "Kazan,Russia"]
[Date "2013.07.10"]
[Round "2.27"]
[White "Rothebarth, Ana Vitoria De Pau"]
[Black "Rebatenne, Boitshepo"]
[Result "1-0"]
[WhiteElo "2034"]
[BlackElo "1558"]
[PlyCount "69"]
[EventDate "2013.07.09"]

1. e4 e5 2. Nf3 Nc6 3. Bb5 d6 4. d4 exd4 5. Nxd4 Bd7 6. Nxc6 Bxc6 7. Bxc6+ bxc6
8. Nc3 Nf6 9. O-O Be7 10. Qf3 Qd7 11. Bg5 Qe6 12. Rad1 O-O 13. Rfe1 Nd7 14.
Bxe7 Qxe7 15. Ne2 Ne5 16. Qc3 c5 17. Nf4 c6 18. Qg3 Rad8 19. b3 Qd7 20. Nh5 Qg4
21. Qxg4 Nxg4 22. c4 Ne5 23. Ng3 Ng6 24. Nf5 d5 25. exd5 cxd5 26. cxd5 Rd7 27.
d6 Rfd8 28. g3 Nf8 29. Ne7+ Kh8 30. Nc6 Ra8 31. Ne5 Rb7 32. d7 Ne6 33. Nxf7+
Kg8 34. d8=Q+ Nxd8 35. Nxd8 1-0

[Event "27th Summer Universiade 2013 Kazan,Russ"]
[Site "Kazan,Russia"]
[Date "2013.07.10"]
[Round "2.29"]
[White "Ton, Nu Hong An"]
[Black "Kim, Minhee"]
[Result "1-0"]
[WhiteElo "1995"]
[BlackElo "1504"]
[PlyCount "63"]
[EventDate "2013.07.09"]

1. d4 d5 2. c4 dxc4 3. Nc3 Nf6 4. e4 e6 5. Bxc4 Bb4 6. e5 Ne4 7. Nge2 Nc6 8.
O-O Nxc3 9. bxc3 Ba5 10. Ba3 b6 11. Bb5 Bb7 12. Qa4 Qd7 13. d5 Qxd5 14. Rad1 a6
15. Rxd5 axb5 16. Rxb5 O-O-O 17. Rxa5 Nxa5 18. Nd4 Kb8 19. Rb1 Rd5 20. f4 Rhd8
21. Be7 R8d7 22. Bb4 Kc8 23. Kf2 g5 24. g3 h5 25. Ba3 f6 26. exf6 e5 27. fxe5
Rxe5 28. Re1 Rxe1 29. Kxe1 c5 30. Nf5 Kc7 31. Qxd7+ Kxd7 32. f7 1-0

[Event "27th Summer Universiade in Kazan (Women)"]
[Site "Kazan"]
[Date "2013.07.10"]
[Round "3.1"]
[White "Savina, Anastasia"]
[Black "Zhao, Xue"]
[Result "1/2-1/2"]
[WhiteElo "2368"]
[BlackElo "2553"]
[PlyCount "120"]
[EventDate "2013.??.??"]

1. d4 Nf6 2. c4 e6 3. Nc3 Bb4 4. Qc2 c5 5. dxc5 Bxc5 6. Nf3 Qb6 7. e3 Be7 8. b3
d6 9. Bb2 Nbd7 10. Be2 a6 11. g4 h6 12. Rg1 g5 13. O-O-O Rg8 14. h4 Nc5 15.
hxg5 hxg5 16. Nd4 Bd7 17. Rh1 O-O-O 18. Rh6 Kb8 19. Kb1 Bc8 20. a3 Ncd7 21. b4
Qc7 22. Qb3 Bf8 23. Rhh1 Be7 24. Rc1 Rh8 25. Rhd1 Rh3 26. Ka2 Rdh8 27. Nd5 exd5
28. cxd5 Qd8 29. Bxa6 Nb6 30. Bxb7 Bxb7 31. Nc6+ Bxc6 32. dxc6 Kc7 33. a4 Nxa4
34. Qxa4 Qa8 35. Qxa8 Rxa8+ 36. Kb3 Rhh8 37. Bxf6 Bxf6 38. Rd5 Be5 39. b5 Rh2
40. Rd2 Rh4 41. Ra2 Rxa2 42. Kxa2 Rh8 43. Kb3 Ra8 44. f4 gxf4 45. exf4 Bd4 46.
Re1 Kb6 47. Kc4 Ra4+ 48. Kd3 Bf6 49. Re8 Ra7 50. Kc4 Re7 51. Rb8+ Ka7 52. Rf8
Bg7 53. Rd8 Kb6 54. Rb8+ Ka7 55. Rd8 Kb6 56. Rb8+ Ka7 57. Rd8 Kb6 58. Rb8+ Ka7
59. Rd8 Kb6 60. Rb8+ Ka7 1/2-1/2

[Event "27th Summer Universiade in Kazan (Women)"]
[Site "Kazan"]
[Date "2013.07.10"]
[Round "3.2"]
[White "Ju, Wenjun"]
[Black "Nakhbayeva, Guliskhan"]
[Result "1-0"]
[WhiteElo "2531"]
[BlackElo "2354"]
[PlyCount "71"]
[EventDate "2013.??.??"]

1. Nf3 Nf6 2. g3 b6 3. Bg2 Bb7 4. O-O e6 5. c4 Be7 6. Nc3 O-O 7. Re1 Ne4 8.
Nxe4 Bxe4 9. d3 Bb7 10. e4 c5 11. d4 cxd4 12. Nxd4 Nc6 13. Nb5 d6 14. Be3 a6
15. Nc3 Ne5 16. b3 Bc6 17. a4 Qc7 18. Rc1 Qb7 19. f4 Nd7 20. b4 Qb8 21. Re2 a5
22. b5 Bb7 23. e5 Bxg2 24. Rxg2 Nc5 25. Bxc5 bxc5 26. exd6 Bf6 27. Rd2 Qb7 28.
Kf2 Rfd8 29. Qf3 Qa7 30. Ne4 Bd4+ 31. Rxd4 cxd4 32. c5 f5 33. Ng5 Re8 34. b6
Qa6 35. d7 Red8 36. Qc6 1-0

[Event "27th Summer Universiade in Kazan (Women)"]
[Site "Kazan"]
[Date "2013.07.10"]
[Round "3.3"]
[White "Batchimeg, Tuvshintugs"]
[Black "Tan, Zhongyi"]
[Result "1/2-1/2"]
[WhiteElo "2351"]
[BlackElo "2478"]
[PlyCount "40"]
[EventDate "2013.??.??"]

1. d4 d5 2. c4 e6 3. Nc3 Bb4 4. e3 Nf6 5. Bd3 O-O 6. Nf3 c5 7. O-O Nc6 8. a3
Ba5 9. h3 dxc4 10. Bxc4 h6 11. Qd3 Re8 12. Rd1 a6 13. Ba2 Bxc3 14. bxc3 e5 15.
Qc2 exd4 16. cxd4 cxd4 17. Bb2 Be6 18. Bxe6 Rxe6 19. Nxd4 Nxd4 20. Rxd4 Qe7
1/2-1/2